Т. 5 : Научные работы в бухте Тихой на Земле Франца-Иосифа. Метеорологические наблюдения 1929-1930; Труды Арктического института

書誌詳細
Parent link:Труды Арктического института=Transactions of the Arctic Institute/ Всесоюзный арктический институт (ВАИ). Т. 5 : Научные работы в бухте Тихой на Земле Франца-Иосифа. Метеорологические наблюдения 1929-1930.— , 1931-1938
要約:Резюме на французском яз.
言語:ロシア語
英語
出版事項: 1934
主題:
フォーマット: 図書
KOHA link:https://koha.lib.tpu.ru/cgi-bin/koha/opac-detail.pl?biblionumber=335960

MARC

LEADER 00000nam2a2200000 4500
001 335960
005 20231102004815.0
035 |a (RuTPU)RU\TPU\book\362372 
035 |a RU\TPU\book\362370 
090 |a 335960 
100 |a 20171006d1934 k y0rusy50 ca 
101 0 |a rus  |a eng 
102 |a RU 
105 |a a z 001zy 
200 0 |a Т. 5 : Научные работы в бухте Тихой на Земле Франца-Иосифа. Метеорологические наблюдения 1929-1930  |d Travaux scientifiques de la station dans la Tihaya Terre Franqois-Joseph. Observations meteorologiques en 1929-1930 
210 |d 1934 
215 |a 71 с.  |c ил. 
300 |a Резюме на французском яз. 
320 |a Библиогр. в тексте 
461 1 |0 (RuTPU)RU\TPU\book\314159  |t Труды Арктического института  |l Transactions of the Arctic Institute   |f Всесоюзный арктический институт (ВАИ)  |v Т. 5 : Научные работы в бухте Тихой на Земле Франца-Иосифа. Метеорологические наблюдения 1929-1930  |d 1931-1938 
510 1 |a Travaux scientifiques de la station dans la Tihaya Terre Franqois-Joseph. Observations meteorologiques en 1929-1930  |z fre 
606 1 |a Арктические экспедиции  |x География  |2 stltpush  |3 (RuTPU)RU\TPU\subj\29361  |9 52711 
610 1 |a метеорологические наблюдения 
610 1 |a Земля Франца-Иосифа 
610 1 |a исследования 
610 1 |a таблицы 
610 1 |a обработка данных 
675 |a 91(98)  |v 3 
801 1 |a RU  |b 63413507  |c 20130208 
801 2 |a RU  |b 63413507  |c 20171023  |g RCR 
942 |c BK